[Event "XI Anibal Open"]
[Site "Linares ESP"]
[Date "2005.03.04"]
[Round "9"]
[White "Payen,A"]
[Black "Pogorelov,R"]
[Result "0-1"]
[WhiteElo "2384"]
[BlackElo "2472"]

1.d4 Nf6 2.c4 e6 3.g3 Bb4+ 4.Bd2 Be7 5.Bg2 d5 6.Nf3 c6 7.Qb3 O-O 8.O-O b5
9.cxb5 cxb5 10.Bb4 Bxb4 11.Qxb4 Bd7 12.Ne5 Nc6 13.Qd2 Qb6 14.Nxd7 Nxd7 15.e3 a5
16.Nc3 a4 17.Rfc1 b4 18.Ne2 Na5 19.e4 dxe4 20.Bxe4 Rab8 21.Bd3 g6 22.Qf4 Qd8
23.Qc7 Nf6 24.Qxd8 Rfxd8 25.Rc5 Nb7 26.Rb5 Nd6 27.Rxb8 Rxb8 28.Rc1 Rb6 29.Rc5 Nd5
30.Ra5 a3 31.bxa3 b3 32.axb3 Rxb3 33.Ba6 Kg7 34.a4 Ra3 35.Kg2 Kf6 36.h4 h6
37.Nf4 Nxf4+ 38.gxf4 Nf5 39.h5 gxh5 40.Be2 h4 41.Ra7 Kg6 42.a5 Nxd4 43.Bg4 h5
44.f5+ exf5 45.Bh3 Ne6 46.Kh2 Ra2 47.a6 Rxf2+ 48.Kg1 Ra2 49.Bf1 Ng5 50.Bc4 Nf3+
51.Kf1 Nd2+ 52.Kg1 Nxc4 53.Rc7 Ne5 54.a7 h3  0-1

[Event "Acropolis Women's GM Open"]
[Site "Athens GRE"]
[Date "2005.03.08"]
[Round "3"]
[White "Grapsa,G"]
[Black "Bashkite,V"]
[Result "1-0"]
[WhiteElo "2074"]
[BlackElo "2196"]

1.d4 Nf6 2.c4 e6 3.g3 Bb4+ 4.Bd2 a5 5.Bg2 O-O 6.Qc2 d5 7.a3 Be7 8.Nf3 Nbd7
9.O-O Ne4 10.Be3 Re8 11.Rd1 Nb6 12.Ne5 f6 13.c5 Nd7 14.Nd3 f5 15.f3 Nef6
16.Nc3 Bf8 17.b4 e5 18.dxe5 Nxe5 19.Nxe5 Rxe5 20.Bf4 Re7 21.e4 fxe4 22.fxe4 axb4
23.Nxd5 Nxd5 24.exd5 Bg4 25.axb4 Bxd1 26.Rxd1 Qe8 27.Qc3 Re2 28.Bf3 Raa2
29.d6 cxd6 30.cxd6 Qb5 31.Qc5 Qe8 32.Qc4+ Kh8 33.Bxe2 Rxe2 34.d7 Re1+ 35.Kf2 Re2+
36.Kf1  1-0

[Event "Acropolis Women's GM Open"]
[Site "Athens GRE"]
[Date "2005.03.11"]
[Round "6"]
[White "Grapsa,G"]
[Black "Sorokina,A AUS"]
[Result "0-1"]
[WhiteElo "2074"]
[BlackElo "2223"]

1.d4 Nf6 2.c4 e6 3.g3 Bb4+ 4.Bd2 c5 5.Bg2 O-O 6.dxc5 Bxc5 7.Nc3 d5 8.cxd5 exd5
9.Rc1 Bb6 10.Nf3 Ne4 11.O-O Nc6 12.a3 Bg4 13.Bf4 Nxc3 14.Rxc3 d4 15.Rc1 Qd7
16.Re1 Rad8 17.Qa4 d3 18.exd3 Bxf3 19.Bxf3 Ne5 20.Qe4 Nxd3 21.Red1 Nxf2 22.Rxd7 Nxe4+
23.Kg2 Rxd7 24.Bxe4 h6 25.h4 Rfd8 26.h5 Bd4 27.Rc2 Bf6 28.Kf3 b6 29.Bf5 Re7
30.b4 Bg5 31.a4 Bxf4 32.gxf4 Rde8 33.a5 Re3+ 34.Kg4 bxa5 35.bxa5 Ra3 36.Rc5 Rb8
37.Be4 Kf8 38.Kf5 Rh3 39.Kg4 Rbb3 40.f5 Rhe3 41.Re5 Rb4 42.Kf4 Ra3  0-1

[Event "Mediterranean Flower WGM"]
[Site "Rijeka CRO"]
[Date "2005.03.11"]
[Round "8"]
[White "Sargac,R"]
[Black "Ionica,I"]
[Result "1/2-1/2"]
[WhiteElo "2208"]
[BlackElo "2240"]

1.d4 Nf6 2.g3 e6 3.c4 Bb4+ 4.Bd2 Bxd2+ 5.Qxd2 d6 6.Bg2 Qe7 7.e4 e5 8.d5 a5
9.Nc3 Na6 10.Nge2 O-O 11.O-O Nc5 12.b3 Ne8 13.f4 exf4 14.Rxf4 Nf6 15.Raf1 Nfd7
16.Bh3 Ne5 17.Bxc8 Raxc8 18.Nd4 Qg5 19.Nf5 Ncd3 20.Kh1 Kh8 21.Nb5 g6 22.Ne3 Qe7
23.Rh4 Nc5 24.Nd4 f6 25.a3 Ned7 26.Ng2 g5 27.Rh6 Nxe4 28.Qe3 Rfe8 29.b4 axb4
30.axb4 Qf8 31.Rh5 Qf7 32.g4 Re5 33.Ne6 Nf8 34.Nd4 c6 35.dxc6 bxc6 36.Qd3 d5
37.c5 Qb7 38.Nc2 Ra8 39.h4 Qa6 40.Qxa6 Rxa6 41.Kh2 Ng6 42.hxg5 Rxg5 43.Rxg5 fxg5
44.Nd4 Ra2 45.Kg1 Ne5 46.Ne3 Ng6 47.Ng2 Ne5 48.Ne3 Ng6 49.Ng2  1/2-1/2

[Event "TCh-SWE Elitserien 2004-5"]
[Site "Malmo SWE"]
[Date "2005.03.13"]
[Round "11"]
[White "Olsson,L"]
[Black "Sjoberg,M"]
[Result "1-0"]
[WhiteElo "2332"]
[BlackElo "2346"]

1.d4 Nf6 2.c4 e6 3.g3 Bb4+ 4.Nd2 O-O 5.Bg2 d5 6.Nf3 Re8 7.O-O Nbd7 8.Qc2 Bd6
9.Rd1 b6 10.e4 dxe4 11.Ng5 Rb8 12.Ngxe4 Bf8 13.c5 Nd5 14.c6 N7f6 15.Nc4 Nxe4
16.Bxe4 g6 17.h4 Bg7 18.h5 f5 19.Bf3 g5 20.Ne3 g4 21.Bg2 Nf6 22.d5 exd5 23.Nxd5 Ne4
24.Bf4 Be5 25.Bxe4 fxe4 26.Qxe4 Bxb2 27.Nf6+ Bxf6  1-0

[Event "Open"]
[Site "Coventry ENG"]
[Date "2005.03.26"]
[Round "5"]
[White "Martyn,R"]
[Black "Stocek,J"]
[Result "0-1"]
[WhiteElo "2281"]
[BlackElo "2586"]

1.d4 Nf6 2.c4 e6 3.g3 Bb4+ 4.Bd2 a5 5.Nf3 d6 6.Bg2 Nbd7 7.O-O e5 8.Be3 exd4
9.Bxd4 a4 10.Nc3 a3 11.b3 O-O 12.Nd5 Bc5 13.b4 Bxd4 14.Nxd4 Re8 15.Qc2 c6
16.Nxf6+ Nxf6 17.Rfd1 g6 18.c5 d5 19.Rab1 Bd7 20.Rb3 Ng4 21.Qc1 Ra4 22.Qf4 Ne5
23.h4 h5 24.Re3 Ng4 25.Rxe8+ Qxe8 26.b5 Rc4 27.Qc7 Rxc5 28.Qxb7 cxb5 29.Bxd5 Kg7
30.e3 Bc8 31.Qa8 b4 32.Nf3 Nf6 33.Bb3 Bg4 34.Qxe8 Nxe8 35.Kg2 Rf5 36.Nd4 Bxd1
37.Nxf5+ gxf5 38.Bxd1 Nf6 39.Kf1 Ne4 40.Ke1 Nc5 41.Bc2 b3 42.Bb1 bxa2 43.Bxa2 Nd3+  0-1

[Event "Spring Open"]
[Site "Belgrade SCG"]
[Date "2005.03.30"]
[Round "6"]
[White "Pavlovic,Drago"]
[Black "Petrovic,Pe"]
[Result "1-0"]
[WhiteElo "2261"]
[BlackElo "2181"]

1.d4 Nf6 2.c4 e6 3.g3 Bb4+ 4.Bd2 a5 5.Bg2 d5 6.Qc2 Nc6 7.Nf3 Ne4 8.Bxb4 Nxb4
9.Qc1 Nc6 10.Nc3 f5 11.cxd5 exd5 12.O-O O-O 13.Rd1 Be6 14.Na4 h6 15.Nc5 Nxc5
16.Qxc5 Kh7 17.Rac1 Rf7 18.e3 Qb8 19.Ne1 Nb4 20.a3 Na6 21.Qxa5 c6 22.Nd3 Nc7
23.Qd2 Ne8 24.Ne5 Rf8 25.f3 Nd6 26.Bf1 Qd8 27.Qb4 Bc8 28.Bd3 Nf7 29.a4 Nd6
30.Ra1 Rf6 31.a5 Ne8 32.Rdc1 Nc7 33.Qd2 Kg8 34.a6 bxa6 35.Nxc6 Qe8 36.Ne5 Nb5
37.Rc5 Bb7 38.Rac1 Rc8 39.Qc2 Rf8 40.Qb3 Rxc5 41.Rxc5 Qa8 42.Qc2 Nd6 43.Rc7 Nb5
44.Rc5 Nd6 45.Qb3 Qd8 46.Rc1 Re8 47.Qc2 Qg5 48.Qf2 Rc8 49.Rxc8+ Bxc8 50.h4 Qd8
51.Qc2 Qa5 52.Kf2 Qa1 53.Be2 Qa5 54.Qc5 Qd8 55.Qxd5+ Kh8 56.Bd3 Qb6 57.Be2 Be6
58.Qc5 Qb8 59.d5 Bc8 60.Nc6 Qc7 61.b4 Qd7 62.Bd3  1-0

[Event "ch-RUS u18"]
[Site "Nojabrsk RUS"]
[Date "2005.04.08"]
[Round "3"]
[White "Uzhva,A"]
[Black "Gizatullin,D"]
[Result "1-0"]
[WhiteElo "2247"]
[BlackElo "2102"]

1.d4 Nf6 2.c4 e6 3.g3 Bb4+ 4.Bd2 Bxd2+ 5.Qxd2 d5 6.Bg2 O-O 7.Nf3 Nbd7 8.b3 Qe7
9.O-O dxc4 10.bxc4 e5 11.Nc3 c6 12.e3 h6 13.Qc2 Re8 14.Rfd1 Rb8 15.Rac1 a6
16.Rb1 b5 17.c5 Bb7 18.Nd2 Red8 19.Nb3 Rbc8 20.Na5 Ba8 21.Bh3 Rc7 22.a3 Ne8
23.Na2 g6 24.Nb4 f5 25.e4 exd4 26.Rxd4 fxe4 27.Rxe4 Qg5 28.Rg4 Qh5 29.Rxg6+ Kf7
30.Be6+ Ke7 31.Re1 Ne5 32.Bg4  1-0

[Event "ch-RUS u18"]
[Site "Nojabrsk RUS"]
[Date "2005.04.14"]
[Round "9"]
[White "Krylov,M RUS"]
[Black "Reshetnikov,A"]
[Result "0-1"]
[WhiteElo "2417"]
[BlackElo "2355"]

1.d4 Nf6 2.c4 e6 3.g3 Bb4+ 4.Bd2 Bxd2+ 5.Nxd2 d6 6.Bg2 O-O 7.Ngf3 Qe7 8.O-O e5
9.e4 Bg4 10.Qc2 Nbd7 11.Rae1 Rfe8 12.h3 Bxf3 13.Nxf3 exd4 14.Nxd4 Qe5 15.Nb3 c6
16.f4 Qe7 17.g4 a5 18.Nd4 g6 19.g5 Nh5 20.Qf2 Nc5 21.Re3 Rad8 22.Rfe1 f6
23.f5 fxg5 24.Nf3 Nf4 25.Qg3 Ncd3 26.Rf1 h6 27.Nd4 c5 28.Rxd3 cxd4 29.Rxf4 gxf4
30.Qxf4 g5  0-1

[Event "TCh-HUN w"]
[Site "Budapest HUN"]
[Date "2005.04.22"]
[Round "4"]
[White "Ignacz,M"]
[Black "Medvegy,N"]
[Result "1/2-1/2"]
[WhiteElo "2195"]
[BlackElo "2388"]

1.d4 Nf6 2.c4 e6 3.g3 Bb4+ 4.Nd2 c5 5.a3 Bxd2+ 6.Qxd2 cxd4 7.Nf3 Nc6 8.Nxd4 Na5
9.Qd3 d5 10.cxd5 Qxd5 11.Qb5+ Bd7 12.Qxd5 Nxd5 13.b4 Nc4 14.Bg2 O-O 15.O-O Rfd8
16.Bg5 f6 17.Bc1 Kf7 18.Nb3 Bc6 19.Nc5 b6 20.Nd3 Rac8 21.Bxd5 Bxd5 22.b5 e5
23.Nb4 Bb7 24.f3 Ke6 25.Kf2 Rc5 26.a4 Rd4 27.Nd3 Rc8 28.Be3 Rdd8 29.Rfc1 Na5
30.Nb4 Bd5 31.Na6 Nb3 32.Rxc8 Rxc8 33.Rb1 Na5 34.Bd2 Nb3 35.Be3 Rc3 36.Rb2 Rc8
37.Rb1 h6 38.h4 h5 39.Ke1 Rc3 40.Kf2 Bc4 41.Rb2 Bd5 42.Rb1 Bb7 43.Rb2 Bxa6
44.bxa6 Na5 45.Bd2 Rc5 46.Bb4 Rd5  1/2-1/2

[Event "62nd ch-GEO w"]
[Site "Tblisi GEO"]
[Date "2005.05.06"]
[Round "2"]
[White "Matnadze,A"]
[Black "Khukhashvili,S"]
[Result "1/2-1/2"]
[WhiteElo "2376"]
[BlackElo "2366"]

1.d4 Nf6 2.c4 e6 3.g3 Bb4+ 4.Bd2 Be7 5.Bg2 d5 6.Nf3 O-O 7.Qc2 c6 8.O-O b6
9.Bg5 Bb7 10.Nbd2 Nbd7 11.Rad1 c5 12.cxd5 Nxd5 13.Bxe7 Qxe7 14.Qb1 Rac8 15.e4 N5f6
16.e5 Nd5 17.Ne4 Ba6 18.Rfe1 h6 19.Nd6 Rc7 20.Nh4 Nb4 21.a3 Nc6 22.Bxc6 Rxc6
23.b4 cxb4 24.axb4 Rc7 25.Rc1 Nb8 26.Rxc7 Qxc7 27.Rc1 Qd7 28.Qc2 Bb7 29.Qc7 Qxc7
30.Rxc7 Bd5 31.b5 a6 32.Nc8 Be4 33.f3 Bd3 34.Nxb6 axb5 35.Kf2 b4 36.Ke3 Ba6
37.f4 b3 38.Kd2 Rd8 39.Kc3 b2 40.Kxb2 Rxd4 41.Kc3 Rd3+ 42.Kc2 Rd8 43.Nf3 Bb5
44.Rc8 Rxc8+ 45.Nxc8 Kf8 46.Nd4 Bc4 47.Kc3 Bd5 48.Nb6 Bb7  1/2-1/2

[Event "62nd ch-GEO w"]
[Site "Tblisi GEO"]
[Date "2005.05.08"]
[Round "4"]
[White "Matnadze,A"]
[Black "Melia,S"]
[Result "1-0"]
[WhiteElo "2376"]
[BlackElo "2333"]

1.d4 Nf6 2.c4 e6 3.g3 Bb4+ 4.Bd2 Be7 5.Bg2 d5 6.Nf3 c6 7.Qc2 b6 8.O-O Ba6
9.b3 O-O 10.Bf4 Nbd7 11.Nbd2 Rc8 12.e4 c5 13.exd5 exd5 14.Rfd1 cxd4 15.Nxd4 b5
16.Qf5 g6 17.Qh3 bxc4 18.bxc4 Bxc4 19.Nxc4 Rxc4 20.Rab1 Nb6 21.Be5 Qc8 22.Qh6 Re8
23.Bh3 Qd8 24.Re1 Bf8 25.Bxf6 Bxh6 26.Bxd8 Rxd8 27.Nf3 Rc2 28.Re7 Rxa2 29.Ne5 Rf8
30.Nxf7 Kg7 31.Ng5+ Kf6 32.Rbe1 Kxg5 33.R1e5+ Rf5 34.Bxf5 gxf5 35.f3 Bf8
36.h4+ Kh5 37.R7e6 Bc5+ 38.Kh1 Ra1+ 39.Kh2 Ra2+ 40.Kh3  1-0

[Event "FSIM May"]
[Site "Budapest HUN"]
[Date "2005.05.16"]
[Round "10"]
[White "Chetverik,M"]
[Black "Charleshouse,G"]
[Result "1/2-1/2"]
[WhiteElo "2305"]
[BlackElo "2212"]

1.d4 Nf6 2.c4 e6 3.g3 Bb4+ 4.Bd2 a5 5.Bg2 d6 6.Nf3 Nbd7 7.O-O e5 8.dxe5 dxe5
9.Bg5 O-O 10.a3 Bc5 11.Nc3 c6 12.Ne4 Be7 13.Nd6 Ne8 14.Bxe7 Qxe7 15.Nxc8 Rxc8
16.Qd2 Nc5 17.Qe3 f6 18.b4 Ne6 19.bxa5 N8c7 20.Rfb1 Nc5 21.Nd4 N7a6 22.Nf5 Qc7
23.Rb6 Rfe8 24.Rab1 Rcd8 25.Be4 Kh8 26.Rxa6 Nxa6 27.c5 Rb8 28.Nd6 Red8 29.Rd1 Rd7
30.Bf5 Re7 31.Qc3 Rd8 32.Qd3 g6 33.Nf7+ Rxf7 34.Qxd8+ Qxd8 35.Rxd8+ Kg7 36.Be6 Re7
37.Bc4 Nxc5 38.Rc8 h5 39.h4 f5 40.a6 Nxa6 41.Bxa6 bxa6 42.Rxc6 Ra7 43.a4 a5
44.f3 Kf7 45.Kf2 Ra8 46.Rb6 Ra7 47.Ke3 Ra8 48.Rb5 Ke6 49.f4 e4 50.Rb6+ Kf7
51.Rc6 Rd8 52.Rc5 Ra8 53.Kd4  1/2-1/2

[Event "62nd ch-GEO w"]
[Site "Tblisi GEO"]
[Date "2005.05.16"]
[Round "11"]
[White "Batsiashvili,N"]
[Black "Javakhishvili,L"]
[Result "1/2-1/2"]
[WhiteElo "2278"]
[BlackElo "2430"]

1.d4 Nf6 2.c4 e6 3.g3 Bb4+ 4.Nd2 Nc6 5.Nf3 d5 6.Bg2 dxc4 7.O-O c3 8.Nc4 O-O
9.Qb3 cxb2 10.Bxb2 a5 11.a3 Be7 12.Rfd1 a4 13.Qc2 Na5 14.Nfe5 Nb3 15.Rab1 Ra7
16.Rd3 Bd7 17.g4 Be8 18.Rh3 g6 19.Rd1 Nd5 20.e3 b5 21.Nd2 b4 22.Nb1 Qa8 23.Nd3 Bb5
24.Nxb4 Bxb4 25.Bxd5 exd5 26.axb4 a3 27.Nxa3 Rxa3 28.Bxa3 Qxa3 29.Qxc7 Be2
30.Qf4 f6 31.Re1 Bc4 32.Qc7 Rf7 33.Qb8+ Kg7 34.g5 Qa6 35.Qe8 fxg5 36.Rxh7+ Kxh7
37.Qxf7+ Kh6 38.Qf8+ Kh7 39.Qe7+ Kg8 40.b5 Qa5 41.Qe6+ Kg7 42.Rd1 Qxb5 43.Qe7+ Kh6
44.h4 gxh4 45.Qxh4+ Kg7 46.Qe7+ Kg8 47.Qe6+ Kg7 48.Qe5+ Kf7 49.Qc7+ Kf6 50.e4 dxe4
51.d5 Bxd5 52.Qd8+ Ke6 53.Qg8+ Kd6 54.Qd8+ Ke6 55.Qg8+ Kd6 56.Qd8+ Ke6 57.Qg8+  1/2-1/2

[Event "Open"]
[Site "Znojmo CZE"]
[Date "2005.05.16"]
[Round "2"]
[White "Mlynek,P"]
[Black "Dobes,O"]
[Result "1/2-1/2"]
[WhiteElo "2216"]
[BlackElo "2079"]

1.d4 Nf6 2.c4 e6 3.g3 Bb4+ 4.Bd2 Qe7 5.Bg2 Nc6 6.Nf3 O-O 7.O-O Bxd2 8.Nbxd2 d6
9.e4 e5 10.d5 Nb8 11.Ne1 a5 12.Nd3 Na6 13.f4 Nd7 14.a3 exf4 15.gxf4 Nac5
16.Nxc5 Nxc5 17.b4 axb4 18.axb4 Rxa1 19.Qxa1 Na6 20.Qc3 Re8 21.Nb3 b6 22.Kh1 Qf6
23.Qxf6 gxf6 24.b5 Nb4 25.f5 Nd3 26.Ra1 Bb7 27.Ra7 Rb8 28.Bf3 Kf8 29.Kg2 Ke7
30.Kg3 Kd7 31.Bh5 Ne5 32.Kf4 Ra8 33.Rxa8  1/2-1/2

[Event "62nd ch-GEO w"]
[Site "Tblisi GEO"]
[Date "2005.05.20"]
[Round "13"]
[White "Matnadze,A"]
[Black "Javakhishvili,L"]
[Result "1-0"]
[WhiteElo "2376"]
[BlackElo "2430"]

1.d4 Nf6 2.g3 e6 3.c4 Bb4+ 4.Bd2 Be7 5.Bg2 d5 6.Qc2 O-O 7.Nf3 c6 8.O-O b6
9.Bf4 Ba6 10.Nbd2 Nbd7 11.Rac1 Nh5 12.Be3 Rc8 13.Rfd1 f5 14.Bf4 b5 15.c5 g5
16.Bd6 Bxd6 17.cxd6 c5 18.Nb3 c4 19.Nc5 Nxc5 20.dxc5 Rxc5 21.Qd2 h6 22.h4 f4
23.hxg5 hxg5 24.Nd4 Ng7 25.b4 Rc8 26.gxf4 gxf4 27.e4 Qxd6 28.exd5 exd5 29.Rc3 Rcd8
30.Qc2 Bc8 31.Nxb5 Qxb4 32.Rxd5 Rxd5 33.Bxd5+ Be6 34.Bxe6+ Nxe6 35.Nd6 Ng7
36.Nxc4 f3 37.Qb3 Qe7 38.Ne5+ Kh7 39.Qc2+ Rf5 40.Nxf3 Kg8 41.Rc8+ Rf8 42.Qc4+ Qf7
43.Qxf7+ Kxf7 44.Rc7+ Kg8 45.Nd4 a5 46.Rxg7+ Kxg7 47.Ne6+ Kf7 48.Nxf8 Kxf8
49.Kg2  1-0

[Event "TCh-ROM A"]
[Site "Tusnad ROM"]
[Date "2005.05.23"]
[Round "3"]
[White "Doncea,V"]
[Black "Bucur,O"]
[Result "0-1"]
[WhiteElo "2380"]
[BlackElo "2237"]

1.d4 Nf6 2.c4 e6 3.g3 Bb4+ 4.Bd2 Qe7 5.Bg2 Nc6 6.e3 O-O 7.Ne2 Bxd2+ 8.Qxd2 d5
9.O-O dxc4 10.Na3 e5 11.Nxc4 Rd8 12.Na5 Nxa5 13.Qxa5 exd4 14.Nxd4 c5 15.Qa3 Kf8
16.Nb3 Ne4 17.Bxe4 Qxe4 18.Nxc5 Qe7 19.Rad1 Bh3 20.Rxd8+ Rxd8 21.Rc1 Kg8
22.Qxa7 Qd6 23.Qa4 Qd2 24.Ra1 Qd5 25.Ne4 f5 26.Qb3 Qxb3 27.Nf6+ Kf7 28.axb3 Kxf6
29.f3 Rd3 30.Ra4 g5 31.Rb4 Rxe3 32.Kf2 Rd3 33.Rxb7 Rd2+ 34.Ke3 Rxb2 35.Rxh7 Rxb3+
36.Kd4 Bg2 37.f4 g4 38.Rh6+ Kg7 39.Rh5 Kg6 40.Rh8 Rb7 41.Ke5 Re7+ 42.Kd6 Re2
43.Rg8+ Kf7 44.Rg5 Kf6 45.Rg8 Rd2+ 46.Kc5 Bh3 47.Rb8 Bg2 48.Rb6+ Ke7 49.Rh6 Rd5+
50.Kc4 Rd6 51.Rh7+ Ke6 52.Rh6+ Kd7 53.Rh5 Rd5 54.Rh7+ Kc6 55.Rh6+ Rd6 56.Rh5 Bf1+
57.Kc3 Rd5 58.Kb4 Rc5 59.Rh8 Rc4+ 60.Kb3 Kd5 61.Re8 Kd4 62.Rd8+ Ke4 63.Re8+ Kf3
64.Re5 Kg2 65.Rxf5 Kxh2 66.Rf8 Kxg3 67.f5 Kf2 68.Rb8 Rf4 69.Rb4 Rf3+  0-1

[Event "TCh-ROM A"]
[Site "Tusnad ROM"]
[Date "2005.05.25"]
[Round "5"]
[White "Doncea,V"]
[Black "Todoran,I"]
[Result "1-0"]
[WhiteElo "2380"]
[BlackElo "2133"]

1.d4 Nf6 2.c4 e6 3.g3 Bb4+ 4.Bd2 c5 5.Bxb4 cxb4 6.Bg2 O-O 7.e4 d6 8.Ne2 e5
9.O-O Nc6 10.a3 Qb6 11.axb4 Qxb4 12.Na3 Qxb2 13.Nb5 exd4 14.Rb1 Qa2 15.Nexd4 Qxc4
16.Nxc6 bxc6 17.Nxd6 Qe6 18.Re1 a5 19.Rc1 Bd7 20.Rc5 a4 21.e5 Nd5 22.Rxd5 cxd5
23.Bxd5 Qh3 24.Nxf7 Rxf7 25.Bxf7+ Kh8 26.Qd5 Rc8 27.e6 Be8 28.e7 Rb8 29.Bxe8 Rxe8
30.Qf7 Qc8 31.Rd1 a3 32.Qxe8+  1-0

[Event "TCh-ARG Magistral AFA"]
[Site "Buenos Aires ARG"]
[Date "2005.06.02"]
[Round "4"]
[White "Schuster,C"]
[Black "Lafuente,P"]
[Result "1-0"]
[WhiteElo "2292"]
[BlackElo "2442"]

1.d4 Nf6 2.c4 e6 3.g3 Bb4+ 4.Bd2 c5 5.Bxb4 cxb4 6.Nf3 O-O 7.Bg2 d6 8.O-O a5
9.a3 Na6 10.Nbd2 Re8 11.Qc2 h6 12.Rfd1 Qc7 13.Rac1 Bd7 14.a4 e5 15.Nf1 exd4
16.Nxd4 Nc5 17.Nb5 Bxb5 18.cxb5 Re6 19.e3 Qe7 20.Nd2 Ng4 21.Nc4 Rf6 22.Rd2 Ne5
23.Nb6 Rd8 24.Qd1 Ned7 25.Nd5 Qe5 26.Nxf6+ Nxf6 27.Rc4 b6 28.Rcd4 b3 29.Bd5 Qf5
30.Bxb3 Nxb3 31.Qxb3 d5 32.Qc2 Qh3 33.Qd1 h5 34.Qf1 Qf5 35.Qd3 Qh3 36.f3 Re8
37.Rc2 Rc8 38.Rc6 g5 39.Rg4  1-0

[Event "TCh-ARG Magistral AFA"]
[Site "Buenos Aires ARG"]
[Date "2005.06.07"]
[Round "5"]
[White "Bitelmajer,M"]
[Black "Aguila,G"]
[Result "1-0"]
[WhiteElo "2175"]
[BlackElo "2265"]

1.d4 Nf6 2.c4 e6 3.g3 Bb4+ 4.Bd2 Qe7 5.Bg2 Nc6 6.Nf3 Bxd2+ 7.Nbxd2 d6 8.O-O O-O
9.e4 e5 10.d5 Nb8 11.Ne1 a5 12.Nd3 Na6 13.f4 c6 14.Qa4 cxd5 15.cxd5 Bg4 16.Rae1 Bd7
17.Qa3 Rfe8 18.Nc4 b5 19.fxe5 bxc4 20.exf6 gxf6 21.Nf4 Qe5 22.Qf3 f5 23.exf5 Qd4+
24.Kh1 Bxf5 25.Ne2 Rxe2 26.Rxe2 Bg6 27.h4 Rf8 28.Qf4 Qxf4 29.Rxf4 h5 30.Ref2 Rb8
31.Be4 Nb4 32.Bxg6 fxg6 33.Rxc4 Nd3 34.Rd2 Ne5 35.Rc7 Rb4 36.Rdc2 Nd3 37.Rd7 Nc5
38.Rxd6 Ne4 39.Rd7 Rb8 40.Kg2 Nf6 41.Rd6  1-0

[Event "TCh-BIH Prem"]
[Site "Neum BIH"]
[Date "2005.06.07"]
[Round "4"]
[White "Covic,D"]
[Black "Milosevic,G"]
[Result "1/2-1/2"]
[WhiteElo "2289"]
[BlackElo "2401"]

1.d4 Nf6 2.c4 e6 3.g3 Bb4+ 4.Bd2 c5 5.Bxb4 cxb4 6.Bg2 O-O 7.e3 d6 8.Ne2 Nc6
9.Nd2 a5 10.Nc1 e5 11.d5 Nb8 12.a4 bxa3 13.bxa3 Na6 14.Nd3 Bf5 15.e4 Bg4
16.Bf3 Bxf3 17.Qxf3 Nd7 18.O-O Ndc5 19.Nxc5 Nxc5 20.Rab1 a4 21.Qe3 Re8 22.Rb4 h6
23.h4 Qd7 24.Rb6 Re7 25.Kg2 Ra6  1/2-1/2

[Event "III Open"]
[Site "Bajada de la Virgen ESP"]
[Date "2005.06.13"]
[Round "1"]
[White "Avrukh,B"]
[Black "Illijin,N"]
[Result "1-0"]
[WhiteElo "2642"]
[BlackElo "2244"]

1.d4 Nf6 2.c4 e6 3.g3 Bb4+ 4.Bd2 a5 5.Bg2 O-O 6.Nf3 d6 7.O-O Bxd2 8.Qxd2 Qe7
9.Nc3 e5 10.e4 Re8 11.h3 Nbd7 12.Rfe1 b6 13.b3 Bb7 14.Rad1 Nf8 15.Qc2 Ng6
16.Nd5 Nxd5 17.cxd5 Qd7 18.dxe5 dxe5 19.h4 c5 20.dxc6 Qxc6 21.Qxc6 Bxc6 22.Rd6 Bb7
23.Rxb6 Bc8 24.Bf1 Bg4 25.Nd2 a4 26.b4 Nf8 27.Nc4 Ne6 28.Nxe5 Nd4 29.f4 Rac8
30.Rd6 Nc2 31.Rc1 Be6 32.Nc6 Rxc6 33.Rxc6 Nxb4 34.Rd6  1-0

[Event "III Open"]
[Site "Bajada de la Virgen ESP"]
[Date "2005.06.16"]
[Round "6"]
[White "Miton,K"]
[Black "Kogan,Ar"]
[Result "1/2-1/2"]
[WhiteElo "2592"]
[BlackElo "2592"]

1.d4 Nf6 2.c4 e6 3.g3 Bb4+ 4.Bd2 c5 5.Bxb4 cxb4 6.Bg2 O-O 7.Nf3 d6 8.O-O Qe7
9.a3 bxa3 10.b4 Nc6 11.b5 Na5 12.Nfd2 a6 13.Nxa3 axb5 14.Nxb5 Bd7 15.Nc7 Ra7
16.Qb1 Qd8 17.Nb5 Nxc4 18.Nxa7 Nxd2 19.Qxb7 Nxf1 20.Bxf1 Qb8 21.Rb1 Qxb7
22.Rxb7 Rd8 23.e3 Kf8 24.Bb5 Bxb5 25.Nxb5 d5  1/2-1/2

[Event "Friendship GM"]
[Site "Cartak CZE"]
[Date "2005.06.19"]
[Round "3"]
[White "Jirka,J"]
[Black "Vokac,M"]
[Result "1-0"]
[WhiteElo "2383"]
[BlackElo "2454"]

1.d4 e6 2.c4 Nf6 3.g3 Bb4+ 4.Bd2 Bxd2+ 5.Qxd2 d6 6.Nc3 O-O 7.Bg2 Nc6 8.Nf3 e5
9.d5 Nb8 10.O-O a5 11.Ne1 Na6 12.Nd3 Nd7 13.f4 exf4 14.gxf4 c6 15.dxc6 bxc6
16.Nf2 Bb7 17.Qxd6 Nb6 18.Qxd8 Rfxd8 19.b3 Nb4 20.Rac1 f5 21.a3 Na6 22.Nd3 Rab8
23.Rfd1 Nd7 24.b4 axb4 25.axb4 Nf6 26.c5 Ng4 27.b5 cxb5 28.c6 Ba8 29.Nd5 Kf8
30.c7 Nxc7 31.Nxc7 Bxg2 32.Ne6+ Ke7 33.Nxd8 Rxd8 34.Kxg2 Ne3+ 35.Kf3 Nxd1
36.Rxd1 Rd5 37.Ra1 h6 38.h4 Ke6 39.Ra8 Rd6 40.Rb8 Kf6 41.h5 Rd5 42.Rb6+ Ke7
43.Rb7+ Kf8 44.Ne5 Rd1 45.Ng6+ Kg8 46.Rxb5 Rh1 47.Rxf5 Kh7 48.e4 Rg1 49.e5  1-0

[Event "Open"]
[Site "Voronezh RUS"]
[Date "2005.06.21"]
[Round "9"]
[White "Kobylkin,E"]
[Black "Bryzgalin,K"]
[Result "1/2-1/2"]
[WhiteElo "2418"]
[BlackElo "2464"]

1.d4 Nf6 2.c4 e6 3.g3 Bb4+ 4.Bd2 Qe7 5.Nf3 O-O 6.Nc3 Bxc3 7.Bxc3 Ne4 8.Rc1 Nxc3
9.Rxc3 b6 10.Bg2 Bb7 11.O-O d6 12.Qc2 f5 13.c5 bxc5 14.dxc5 Na6 15.c6 Bc8
16.Nd4 e5 17.Nb5 Nc5 18.b4 Ne6 19.Ra3 a6 20.Nc3 Rb8 21.Nd5 Qf7 22.Qc4 Kh8
23.Nc3 e4 24.f3 Nd8 25.Nd5 Nxc6 26.Qxc6 Bb7 27.Qxc7 Qxd5 28.fxe4 fxe4 29.Rd3 Qxa2
30.Rxd6 Qxe2 31.Qe7 Rg8 32.Re6 Qe3+ 33.Kh1 Bd5 34.Re5 Qd3 35.Kg1 Qd4+ 36.Kh1 Bc6
37.Rh5 Rb5 38.Rxh7+  1/2-1/2

[Event "VISUS Open"]
[Site "Prague CZE"]
[Date "2005.07.02"]
[Round "1"]
[White "Cifka,S"]
[Black "Dobes,O"]
[Result "0-1"]
[WhiteElo "2347"]
[BlackElo "2099"]

1.d4 Nf6 2.c4 e6 3.g3 Bb4+ 4.Bd2 Be7 5.Bg2 d5 6.Qc2 O-O 7.Nf3 b6 8.cxd5 exd5
9.O-O c5 10.Bg5 Bb7 11.Nc3 Nbd7 12.Rad1 Rc8 13.Qb1 Re8 14.Rfe1 Nf8 15.dxc5 bxc5
16.Ne5 Qc7 17.Bf4 d4 18.Nc4 Qd7 19.Ne4 Nxe4 20.Bxe4 Bxe4 21.Qxe4 Bg5 22.Qf3 Bxf4
23.Qxf4 Re6 24.b3 Ng6 25.Qf3 Qe7 26.Rd2 Re8 27.Kg2 Rf6 28.Qd5 Rd8 29.Qh5 Qb7+
30.f3 Rd5 31.Qg4 h5 32.Qe4 Re6 33.Qd3 Rg5 34.Kf2 Ne5 35.Nxe5 Rgxe5 36.Rc2 Re3
37.Qd1 d3 38.Rd2 dxe2 39.Rdxe2 Qxf3+  0-1

[Event "VISUS Open"]
[Site "Prague CZE"]
[Date "2005.07.02"]
[Round "1"]
[White "Ivanovic,Mir"]
[Black "Zalsky,P"]
[Result "1/2-1/2"]
[WhiteElo "2169"]
[BlackElo "1976"]

1.d4 Nf6 2.c4 e6 3.g3 Bb4+ 4.Bd2 Bxd2+ 5.Qxd2 Ne4 6.Qc2 f5 7.Bg2 Qf6 8.Bxe4 fxe4
9.Qxe4 c5 10.Nf3 Nc6 11.d5 Qxb2 12.O-O Qxa1  1/2-1/2

[Event "ch-SCO"]
[Site "Oban SCO"]
[Date "2005.07.09"]
[Round "8"]
[White "MacDonald,C"]
[Black "Pritchett,C"]
[Result "0-1"]
[WhiteElo "2049"]
[BlackElo "2288"]

1.d4 Nf6 2.c4 e6 3.g3 Bb4+ 4.Bd2 c5 5.Bxb4 cxb4 6.Bg2 O-O 7.Nf3 d6 8.O-O Nc6
9.Qd3 e5 10.Nbd2 Bg4 11.d5 Ne7 12.e4 Nd7 13.Nb3 a5 14.Nfd2 a4 15.Nc1 Nc5
16.Qe3 f5 17.f3 f4 18.gxf4 exf4 19.Qd4 Bh5 20.Nd3 Nxd3 21.Qxd3 Qb6+ 22.Kh1 Ng6
23.c5 Qxc5 24.Qc4 Rac8 25.Rac1 Ne5 26.Qxc5 Rxc5 27.Rxc5 dxc5 28.Rc1 c4 29.Kg1 b5
30.Bh3 Rd8 31.Kg2 Kf7 32.a3 Nd3 33.Rb1 c3  0-1

[Event "2nd S Wales Int"]
[Site "Caerleon WLS"]
[Date "2005.07.12"]
[Round "5"]
[White "Mikhalevski,V"]
[Black "Broomfield,M"]
[Result "1-0"]
[WhiteElo "2572"]
[BlackElo "2288"]

1.d4 Nf6 2.c4 e6 3.g3 Bb4+ 4.Bd2 Be7 5.Bg2 d5 6.Nf3 O-O 7.O-O c6 8.Qc2 b6
9.Bf4 Bb7 10.Rd1 Nbd7 11.Nc3 Nh5 12.Bc1 f5 13.e3 Rc8 14.b3 Bd6 15.Bb2 Qe7
16.Ne2 Nhf6 17.Nf4 Ne4 18.Ne5 Nxe5 19.dxe5 Bb8 20.h4 Kh8 21.Qe2 Rg8 22.Rac1 Rcd8
23.b4 Rge8 24.c5 b5 25.f3 Nxg3 26.Qf2 g5 27.hxg5 Qxg5 28.Kh2 Rg8 29.Bh3 Qh6
30.Rg1 d4 31.Rxg3 Bxe5 32.Rcg1  1-0

[Event "MTO Open"]
[Site "Biel SUI"]
[Date "2005.07.22"]
[Round "5"]
[White "Thaler,T"]
[Black "Berczes,D"]
[Result "1/2-1/2"]
[WhiteElo "2186"]
[BlackElo "2495"]

1.d4 Nf6 2.c4 e6 3.g3 Bb4+ 4.Nd2 c5 5.dxc5 Bxc5 6.Bg2 O-O 7.Ngf3 Nc6 8.O-O d5
9.cxd5 exd5 10.Nb3 Bb6 11.Nbd4 Ne4 12.Be3 Re8 13.Rc1 Bd7 14.Qb3 Bxd4 15.Nxd4 Nxd4
16.Bxd4 Nd2 17.Qxb7 Nxf1 18.Kxf1 Rc8 19.Rxc8 Qxc8 20.Qxc8 Rxc8 21.Bxd5 Rd8
22.e4 a6  1/2-1/2

[Event "Open A"]
[Site "Pardubice CZE"]
[Date "2005.07.26"]
[Round "5"]
[White "Iskusnyh,S"]
[Black "Meier,V"]
[Result "1-0"]
[WhiteElo "2472"]
[BlackElo "2282"]

1.d4 Nf6 2.c4 e6 3.g3 Bb4+ 4.Bd2 c5 5.Bxb4 cxb4 6.Bg2 O-O 7.e4 d6 8.Ne2 a5
9.a3 Na6 10.O-O e5 11.axb4 Nxb4 12.Na3 b6 13.Qd2 Qe7 14.Nc3 Bb7 15.Rfe1 Rfd8
16.Nd5 Bxd5 17.exd5 Rac8 18.Bh3 Rb8 19.Nb5 Re8 20.dxe5 dxe5 21.d6 Qb7 22.d7 Red8
23.Rad1 e4 24.Nd6 Qc6 25.Nf5 Qc5 26.Qg5 Qf8 27.Rd6 Nd3 28.Rxf6 Nxe1 29.Nh6+ Kh8
30.Nxf7+ Kg8 31.Be6 Rxd7 32.Ne5+  1-0

[Event "Open"]
[Site "Olomouc CZE"]
[Date "2005.08.06"]
[Round "3"]
[White "Maslak,A"]
[Black "Shetty,R"]
[Result "0-1"]
[WhiteElo "2205"]
[BlackElo "2367"]

1.d4 Nf6 2.c4 e6 3.g3 Bb4+ 4.Bd2 Be7 5.Bg2 d5 6.Nf3 c6 7.Qc2 O-O 8.O-O Nbd7
9.Nc3 dxc4 10.a4 a5 11.e4 e5 12.d5 Qb6 13.Rad1 Bc5 14.Bg5 Re8 15.Qe2 h6 16.Bc1 cxd5
17.Nxd5 Nxd5 18.Rxd5 Qc7 19.Nh4 Nf6 20.Rdd1 Bg4 21.Bf3 Be6 22.Nf5 Rad8 23.Be3 Bxf5
24.exf5 e4 25.Qxc4 Rc8 26.Qxc5 Qxc5 27.Bxc5 Rxc5 28.Bg2 Rxf5 29.Rfe1 g5 30.Rd4 Rfe5
31.b4 b6 32.Rd6 R8e6 33.Rxe6 Rxe6 34.bxa5 bxa5 35.Rb1 Rd6 36.Rb5 Rd1+ 37.Bf1 Ng4
38.h3 e3 39.Rb8+ Kg7 40.Re8 exf2+ 41.Kg2 Nh2  0-1